|
|
|
|
| LEADER |
00000nab a2200000 a 4500 |
| 001 |
vtls009459367 |
| 003 |
SK-MaSNL |
| 005 |
20260305014046.0 |
| 008 |
090109c20090109xo drz 0 0slo |
| 038 |
|
|
|a KEVKJB
|
| 040 |
|
|
|a KEVKJB
|b slo
|c KEVKJB
|e AACR2
|
| 041 |
0 |
|
|a slo
|
| 044 |
|
|
|a xo
|c SK
|
| 080 |
|
|
|a 72/76:069
|2 2001
|
| 245 |
0 |
0 |
|a Galéria ponúka zbierku drevenej plastiky
|c [autor] (nit)
|
| 300 |
|
|
|b Fotogr.
|
| 610 |
2 |
7 |
|a Východoslovenská galéria (Košice, Slovensko)
|2 kevkjb
|9 29814
|
| 610 |
2 |
7 |
|a Šarišská galéria v Prešove
|2 kevkjb
|9 31757
|
| 611 |
2 |
7 |
|a Zbierka drevenej plastiky 15. - 19. storočia
|g výstava
|d (2009 :
|c Košice, Slovensko)
|2 kevkjb
|9 1591936
|
| 651 |
|
7 |
|a Košice (Slovensko)
|2 kevkjb
|9 18694
|
| 773 |
0 |
|
|t Košický Korzár
|g Roč. XII, č. 6 (9.1.2009), s. 6
|x 1335-4566
|
| 852 |
|
|
|a KEVKJB
|b KIS3GCP
|
| 999 |
|
|
|c 3267439
|d 3269369
|